000 00228nam a2200109Ia 4500
008 190216s9999||||xx |||||||||||||| ||und||
100 _aValsala
245 0 _aKanal
260 _bNbs Kottayam
650 _aMalayalam
942 _cBK
999 _c25951
_d25951